Drugs, alcohol, and tobacco : learning about addictive behavior, volume 1, A to Dri index

Bibliographic Details
Format: Book
Published: New York : Thomson Gale , 2003
Subjects:

MARC

LEADER 00000cam a2200000 7i4500
001 0000018906
005 20160330.0
008 080610
020 |a 0028657578 
090 0 0 |a 613.8   |b DRU 
245 1 0 |a Drugs, alcohol, and tobacco :   |b learning about addictive behavior, volume 1, A to Dri index   |c Rosalyn Carson-DeWitt, editor in chief 
260 |a New York :   |b Thomson Gale ,   |c 2003 
500 |a Teenager ages 13-18 years old (blue) 
650 0 |a Alcoholism   |x Encyclopedias, juvenile 
650 0 |a Drug abuse   |x Encyclopedias, juvenile 
650 0 |a Substance abuse   |x Encyclopedias, juvenile 
650 0 |a Teenagers   |x Subtance use   |x Encyclopedias, juvenile 
650 0 |a Tobacco habit   |x Encyclopedias, juvenile 
999 |a 0001022657   |b Book   |c REFERENCE   |e Perbadanan Perpustakaan Awam Johor